| 000 | 00584nam a22001697a 4500 | ||
|---|---|---|---|
| 005 | 20231123104337.0 | ||
| 008 | 231123b |||||||| |||| 00| 0 eng d | ||
| 020 | _a0409021830 | ||
| 041 | _aEnglish | ||
| 082 | _a342 DEV | ||
| 100 |
_aDevenish, GE ; Govender, K and Hulme, D _lEnglish |
||
| 245 |
_aAdministrative Law and Justice in South Africa / _cGE Devenish, K Govender and D Hulme |
||
| 260 |
_aDurban : _bButterworth Publishers (Pty) Ltd, _c2001 |
||
| 300 |
_bxviii, 567 pages ; _c25 cm. |
||
| 650 |
_aLegal practice _bLaw |
||
| 942 |
_cBK _6ALISON_BN_VRIES |
||
| 999 |
_c888 _d888 |
||